000 00606nam a2200145Ia 4500
008 100204s9999 xx 000 0 und d
082 _b9404
100 _aबेलसरे के. वि.
245 _aश्रीमत् दासबोध प्रवचन - परिजात
260 _bश्री मारुतीबुवा रामदासी
_c1986
300 _a210
630 _aश्रीमत् दासबोध प्रवचन - परिजात
730 _aश्रीमत् दासबोध प्रवचन - परिजात
942 _cBOOK
999 _c453840
_d453837